| 000 | 00881 a2200217 4500 | ||
|---|---|---|---|
| 008 | 090314t xxu||||| |||| 00| 0 eng d | ||
| 010 | _aB-284473 | ||
| 020 |
_c369.00 _a9780552999526 |
||
| 035 | _aB-284473 | ||
| 037 | _bPansy Books | ||
| 040 |
_adpl _bEnglish |
||
| 082 | _aN | ||
| 100 | _aSyal, Meera | ||
| 245 |
_aLife isn't all ha ha hee hee / _cby Meera Syal |
||
| 260 |
_aLondon _bBlack Swan Books _c2000 |
||
| 270 |
_bLondon _a61-63 Uxbridge Road, _eW5 5SA |
||
| 300 |
_a333p. _c20cm. (pbk) |
||
| 942 |
_adpl _cEN _2ddc _hN _mSYA |
||
| 999 |
_c25787 _d25787 |
||